000 00643nam a2200217Ia 4500
003 GCL
008 140319s9999 xx 000 0 ara d
040 _aGCL /
_cGCL
082 0 4 _a953.071
_bع ت
100 1 _aعبادة كحيلة
245 1 0 _aتاريخ النصارى فى الاندلس /
_cعبادة كحيلة
260 _a[S.N] :
_bالمطبعة الاسلامية الحديثة ،
_c1993
300 _a288
490 _a
650 0 4 _aالاسلام والمسيحية
650 0 4 _aالاندلس
650 0 4 _aالعرب فى اسبانيا
650 0 4 _aالمسيح
650 0 4 _aالنصارى
942 _2ddc
_cBK
999 _c54847
_d54847